000 00783nam a2200193 a 4500
003 0
005 20250521084902.0
008 030519s19uu xx 00 eng d
050 _aPHS BF 724.3.S87
_b.P37 2003
100 _aPark, Jin Soo.
245 _aStress experienced and stress management skills employed by selected fourth year students of Southville International School and Colleges /
_cJin Soo Park.
260 _aLas PiƱas City, Philippines :
_bSouthville International School and Colleges,
_c2003.
300 _a47 pages :
_billustrations ;
_c28 cm.
504 _aIncludes bibliographical references.
650 _aStress in adolescence
_zPhilippines.
650 _aStress management
_zPhilippines.
650 _aStudents
_xMental health
_zPhilippines.
942 _2lcc
_cPASS
999 _c96805
_d96805